000 00296nam a2200109Ia 4500
008 230907s9999||||xx |||||||||||||| ||und||
082 _a671.35,JAC
100 _aJackson, Mark J.
_9115198
245 0 _aMicromachining with nanostructured cutting tools /
300 _avii, 55 pages :
942 _cBK
999 _c597826
_d597826